Produkcia nízkoalkoholických pív geneticky modifikovanými kvasinkami

Salvato in:
Dettagli Bibliografici
Autore principale: Adámková, Ingrid
Natura: Libro
Lingua:slovacco
Pubblicazione: Bratislava STU FCHPT 2007
Accesso online:Visualizza in OPAC
Tags: Aggiungi Tag
Nessun Tag, puoi essere il primo ad aggiungerne!!

MARC

LEADER 00000nam a2200000 a 4500
005 20260127134019.0
008 060607 2006 xo 000 0 slo d
035 |a vtls009008504 
039 9 |y 200707201029  |z mschk03 
040 |a STUSCHK1  |b slo  |c STUSCHK1  |e AACR2 
100 1 |a Adámková, Ingrid 
245 1 |a Produkcia nízkoalkoholických pív geneticky modifikovanými kvasinkami  |c Ingrid Adámková 
260 |a Bratislava  |b STU FCHPT  |c 2007 
300 |a 81 s.  |b tab.,grafy, lit.+ príloha  |c 29 cm 
500 |a Obháj.: 6.6. 2007 
500 |a Špec.: Biotechnológia a biochémia 
500 |a Ústav biochémie, výživy a ochrany zdravia 
910 |a SCHK95 
999 |c 2134  |d 2134